| 000 | 01841nam a2200313Ia 4500 | ||
|---|---|---|---|
| 999 |
_c49289 _d49289 |
||
| 001 | 16205 | ||
| 003 | GE_BSU | ||
| 005 | 20241002170702.0 | ||
| 008 | 181216s2014||||ge |||||||||||||| ||geo|| | ||
| 020 | _a9789941069741 | ||
| 040 | _cGE_BSU | ||
| 041 | _ageo | ||
| 080 | _a575(075) ვ-55 | ||
| 100 |
_aვიპონდი, კარენ. _923297 |
||
| 245 |
_aგენეტიკა : სამედ. სპეც. სტუდენტებისთვის და პრაქტ. ექიმებისთვის / _cკარენ ვიპონდი ; ქართ. გამოცემის რედ.: ელენე აბზიანიძე, ეკა კვარაცხელია. |
||
| 250 | _aშესწორებული გამოცემა | ||
| 264 |
_aთბილისი : _bსამედიცინო გენეტიკის და ეპიგენეტიკის საქ. საზ-ბა, _c2014. |
||
| 300 |
_a240 გვ. : _bსურ. ; _c23 სმ.. - |
||
| 500 | _aთავფურ. მე-3 გვ. ინგლ. | ||
| 541 | _h16ლ. | ||
| 653 | _aბიოლოგია | ||
| 653 | _aგენეტიკა | ||
| 700 |
_aაბზიანიძე, ე. (ელენე) _eრედაქტორი. მთარგმნელი. _923298 |
||
| 700 |
_aკვარაცხელია, ე. (ეკა) _eრედაქტორი. მთარგმნელი. _923299 |
||
| 700 |
_aტყემალაძე, თ. (თინათინ) _eმთარგმნელი _923300 |
||
| 700 |
_aკანკავა, ქ. (ქეთევან) _eმთარგმნელი _923301 |
||
| 700 |
_aკვარაცხელია, ნატო _eტექსტის რედაქტორი. _914697 |
||
| 942 |
_cBK _2udc |
||